La política ejidal en México.

Αποθηκεύτηκε σε:
Λεπτομέρειες βιβλιογραφικής εγγραφής
Κύριος συγγραφέας: Aguirre Avellaneda, Jerjes (autor)
Μορφή: Βιβλίο
Γλώσσα:Ισπανικά
Θέματα:
Ετικέτες: Προσθήκη ετικέτας
Δεν υπάρχουν, Καταχωρήστε ετικέτα πρώτοι!

MARC

LEADER 00000cam^a2200000uu^4500
001 000477574
005 20250521000000.0
008 050901s1976^^^^^^^^^^^^rd^r^^000^0^spa^d
009 20260526150323.939
035 |a FCE 000020545 
035 |a FCE 029923 
037 |a Acervo ITESO - Biblioteca 
041 |a spa 
082 0 4 |a 630.972  |b AGUp 
100 |a Aguirre Avellaneda, Jerjes  |e (autor) 
245 1 3 |a La política ejidal en México. 
264 |a México :  |b Instituto Mexicano de Sociología,  |c 1976. 
300 |a 198 p. 
336 |a texto  |b txt  |2 rdacontenido 
337 |a sin mediación  |b n  |2 rdamedio 
338 |a volumen  |b nc  |2 rdasoporte 
649 |a XX 
650 |a Ejido 
650 |a Política agraria 
910 |a Fondo Centro de Estudios Educativos 
920 |a Impresos - Libros 
930 |a Fondos Especiales 
905 |a 133 
901 |a ALE029923  |b IT2  |c CEE  |u 20250521 
902 |a https://opac.biblio.iteso.mx/vufind/Record/000477574